000 00494nam a2200169Ia 4500
005 20260121165315.0
008 260121s9999 xx 000 0 und d
020 _a978-93-95664-62-2
041 _amar
082 _a954.03
100 _aनाईक, प्रदीप
245 _aभारतीय रत्ने
250 _a1
260 _bभारतीय विचार साधना पुणे
_c2024
300 _a146
650 _aमराठी साहित्य
999 _c370019
_d370019